| 000 | 00000nam 2200000zi 4500 |
| 001 | 9.953936 |
| 003 | CaOODSP |
| 005 | 20250829150554 |
| 006 | m o d f |
| 007 | cr mn||||||||| |
| 008 | 250811e202508##quc o f000 0 fre d |
| 020 | |a9780660784274 |
| 040 | |aCaOODSP|bfre|erda|cCaOODSP |
| 043 | |an-cn--- |
| 086 | 1 |aEn4-775/2025F-PDF |
| 245 | 00|aAudit de la gouvernance des technologies de l'information / |cDirection générale de l'audit et de l'évaluation. |
| 264 | 1|aGatineau (Québec) : |bEnvironnement et changement climatique Canada = Environment and Climate Change Canada, |caoût 2025. |
| 264 | 4|c©2025 |
| 300 | |a1 ressource en ligne (iii, 25 pages) |
| 336 | |atexte|btxt|2rdacontent/fre |
| 337 | |ainformatique|bc|2rdamedia/fre |
| 338 | |aressource en ligne|bcr|2rdacarrier/fre |
| 500 | |aTitre de la couverture. |
| 500 | |aPublié aussi en anglais sous le titre : Audit of information technology governance. |
| 520 | |a« Évaluer la mesure dans laquelle Environnement et Changement climatique Canada (ECCC) a mis en place une structure efficace de gouvernance des technologies de l'information (TI) qui définit clairement les obligations de rendre compte et soutient la prise de décisions"--Objectif, page 1. |
| 610 | 16|aCanada. |bEnvironnement et changement climatique Canada. |xGestion de l'information|xAudit. |
| 610 | 16|aCanada. |bEnvironnement et changement climatique Canada. |xTechnologie de l'information|xGestion|xAudit. |
| 710 | 1 |aCanada. |bEnvironnement et changement climatique Canada. |bDirection générale de la vérification et de l'évaluation, |eorganisme de publication. |
| 775 | 08|tAudit of information technology governance / |w(CaOODSP)9.953935 |
| 856 | 40|qPDF|s730 Ko|uhttps://publications.gc.ca/collections/collection_2025/eccc/en4/En4-775-2025-fra.pdf |
| 986 | |a25019.04 |